| 000 | 00597nam a2200205 u 4500 | ||
|---|---|---|---|
| 005 | 20240823063913.0 | ||
| 008 | 170201s1985 mx r 000 0 spa d | ||
| 020 | _a9682200482 | ||
| 035 | _aUPN01000215730 | ||
| 049 | _aCG | ||
| 050 | 4 |
_aPQ7797 S2.14 _bA2.2 |
|
| 100 | 1 |
_aSábato, Ernesto, _d1911-2011 _928029 |
|
| 245 | 1 | 0 |
_aAbaddón el exterminador/ _cErnesto Sabato. |
| 260 |
_aMéxico : _bOrigen : _bPlaneta, _cc1985. |
||
| 300 | _a480 p. | ||
| 440 | 0 |
_aLiteratura contemporánea seix barral ; _v17 |
|
| 650 | 4 |
_aNovela argentina _ySiglo XX _915400 |
|
| 905 | _aLibro | ||
| 999 |
_c187830 _d187830 |
||